|
|
|
|
| LEADER |
00000nab a2200000 a 4500 |
| 001 |
vtls000206335 |
| 003 |
SK-MaSNL |
| 005 |
20260302203604.0 |
| 008 |
111202c1984 xo 0 slo |
| 015 |
|
|
|a SNBRA19rr/mm-uuuuu
|
| 035 |
|
|
|a CL0216448
|
| 040 |
|
|
|a SNKBUCL
|b slo
|c SNKBUCL
|e AACR2
|
| 041 |
0 |
|
|a slo
|
| 044 |
|
|
|a xo
|c SK
|
| 080 |
|
|
|a 621.311:621.039:061.22
|2 1981
|
| 080 |
|
|
|a 621.039
|2 1981
|
| 080 |
|
|
|a 061.22
|2 1981
|
| 100 |
1 |
|
|a Daniš, D.
|4 aut
|9 865316
|
| 245 |
1 |
0 |
|a Zdokonaľovanie riadenia výskumu
|c D. Daniš
|
| 610 |
|
7 |
|a Výskumný ústav jadrových elektrární (Jaslovské Bohunice, Slovensko)
|2 snkbucl
|9 923090
|
| 610 |
2 |
7 |
|a Výskumný ústav jadrových elektrární (Jaslovské Bohunice, Slovensko)
|2 snkbucl
|9 923090
|
| 650 |
0 |
7 |
|a riadenie
|2 snkbucl
|9 924
|
| 651 |
|
7 |
|a 5211
|2 snkbucl
|9 283191
|
| 655 |
|
7 |
|a články zo zborníkov
|2 snkbucl
|9 166140
|
| 773 |
0 |
|
|t Zdokonaľovanie a organizácia tvorivej činnosti technických a vedeckotechnických pracovníkov
|d Bratislava : Dom techniky ČSVTS, 1984
|
| 850 |
|
|
|a Slovenská národná knižnica v Martine
|a MTA001
|
| 852 |
|
|
|a SNK
|b KIS3GCP
|
| 958 |
|
|
|a RK
|
| 992 |
|
|
|a RZB
|
| 999 |
|
|
|c 1469821
|d 1471751
|